| 000 -CABECERA |
| Longitud fija campo de control |
00697nam a22001934a 4500 |
| 008 - CÓDIGOS DE INFORMACIÓN DE LONGITUD FIJA |
| Códigos de información de longitud fija |
021119s2002 spca | 000 0 cat|| |
| 020 ## - NÚMERO INTERNACIONAL NORMALIZADO PARA LIBROS |
| Número Internacional Normalizado para Libros (ISBN) |
8490038466 |
| 035 ## - NÚMERO DE CONTROL DEL SISTEMA |
| Número de control del sistema |
52078 |
| -- |
ES-LlBP035 |
| 040 ## - FUENTE DE LA CATALOGACIÓN |
| Centro catalogador de origen |
ES-LlBP |
| Lengua de catalogación |
cat |
| Centro transcriptor |
ES-LlBP |
| 080 ## - NÚMERO DE LA CLASIFICACIÓN DECIMAL UNIVERSAL |
| Número de la Clasificación Decimal Universal |
05(460.23) |
| 100 1# - PUNTO DE ACCESO PRINCIPAL-NOMBRE DE PERSONA |
| Nombre de persona |
Maristany, Gerard |
| 245 10 - MENCIÓN DE TÍTULO |
| Título |
Del desencant a la contrainformació : |
| Resto del título |
la premsa de barris a Barcelona. 1976-2001 / |
| Mención de responsabilidad, etc. |
Gerard Maristany i Albert Musons. |
| 260 ## - PUBLICACIÓN, DISTRIBUCIÓN, ETC. (PIE DE IMPRENTA) |
| Lugar de publicación, distribución, etc. |
Barcelona : |
| Nombre del editor, distribuidor, etc. |
Diputació de Barcelona : |
| -- |
Col.legi de Periodistes de Catalunya, |
| Fecha de publicación, distribución, etc. |
2002. |
| 300 ## - DESCRIPCIÓN FÍSICA |
| Extensión |
159 p. : |
| Otras características físicas |
il. ; |
| Dimensiones |
24 cm. |
| 490 1# - MENCIÓN DE SERIE |
| Mención de serie |
Vaixells de paper ; |
| Designación de volumen o secuencia |
28 |
| 650 #4 - PUNTO DE ACCESO ADICIONAL DE MATERIA - TÉRMINO DE MATERIA |
| Término de materia o nombre geográfico como elemento inicial |
Diaris catalans |
| Subdivisión de materia general |
Història |
| 700 1# - PUNTO DE ACCESO ADICIONAL - NOMBRE DE PERSONA |
| Nombre de persona |
Musons, Albert |
| 830 #0 - PUNTO DE ACCESO ADICIONAL DE SERIE - TÍTULO UNIFORME |
| Título uniforme |
Vaixells de paper ; |
| Designación de volumen o secuencia |
28 |